| 000 | 00613amm a2200205 4500 | ||
|---|---|---|---|
| 008 | 190831s2019 cat | ||
| 041 | _acat | ||
| 245 |
_aInfermeravirtual.com: Glossari _h[en línia] |
||
| 260 |
_aBarcelona _bCol·legi Oficial d'Infermeres i Infermers de Barcelona _c2019 |
||
| 520 | _a345 | ||
| 546 | _acatalà | ||
| 592 | _aObra terminològica | ||
| 593 | _aECS | ||
| 650 | 0 |
_ainfermeria _963607 |
|
| 856 | _uhttps://www.infermeravirtual.com/cat/recursos/glossari | ||
| 901 | _ccop. <2019> | ||
| 902 | _a190831 | ||
| 942 |
_cMO _2ddc _n0 |
||
| 999 |
_c68335 _d68335 |
||